000 00591nam a2200181Ia 4500
003 GCL
008 140319s9999 xx 000 0 ara d
040 _aGCL /
_cGCL
082 0 4 _aد
_b050
_bش ز
245 1 0 _aالزهور ( العدد 72 نوفمبر 2006 )
260 _aقبرص :
_bشركة النيل للاعلام والنشر المحدودة ،
_c2006
650 0 4 _aالصلاة
650 0 4 _aالاطفال - تدريب
650 0 4 _aالتغذية - امراض
650 0 4 _aالمدارس الخاصة
650 0 4 _aأم أيمن ( حاضنة النبى )
942 _2ddc
_cCR
999 _c9023
_d9023